Cacciatori Di Diamanti Un rmanzo di wilburn smith

Αποθηκεύτηκε σε:
Λεπτομέρειες βιβλιογραφικής εγγραφής
Κύριος συγγραφέας: Wilburn Smith
Μορφή: Βιβλίο
Γλώσσα:Άγνωστη γλώσσα
Έκδοση: Gente
Ετικέτες: Προσθήκη ετικέτας
Δεν υπάρχουν, Καταχωρήστε ετικέτα πρώτοι!

MARC

LEADER 00000nam a2200000Ia 4500
001 R-456
003 CODICE-MESSINA
005 20260212102452.0
008 260211s9999 xx 000 0 und d
040 |c importazione_messina 
100 |a Wilburn Smith 
245 0 |a Cacciatori Di Diamanti 
245 0 |b Un rmanzo di wilburn smith 
260 |b Gente 
942 |2 ddc  |c BK 
952 |0 0  |1 0  |2 ddc  |4 0  |6 SCAFFALE_4_000000000000000__ROMANZI  |7 0  |9 31276  |a ME  |b ME  |d 2026-02-11  |l 0  |o SCAFFALE 4 - ROMANZI  |p R-456  |r 2026-02-11 23:52:27  |w 2026-02-11  |x [REVISIONARE]  |y BK 
999 |c 26940  |d 26940